International peace observation (Record no. 36387)

MARC details
000 -LEADER
fixed length control field 00337nam a2200109 4500
082 ## - DEWEY DECIMAL CLASSIFICATION NUMBER
Classification number DB327.172
Item number WAL
100 ## - MAIN ENTRY--PERSONAL NAME
Personal name Wali, R. L.
245 ## - TITLE STATEMENT
Title International peace observation
Statement of responsibility, etc. by R.l. Wali
260 ## - PUBLICATION, DISTRIBUTION, ETC.
Place of publication, distribution, etc. Shillong
Name of publisher, distributor, etc. NEHU
Date of publication, distribution, etc. [19-?]
300 ## - PHYSICAL DESCRIPTION
Extent 44p.; 23cm.
500 ## - GENERAL NOTE
General note Reprinted from Political Science Review v.16,nos.3/4 July-Sept&Oct-Dec,1977
Holdings
Withdrawn status Lost status Source of classification or shelving scheme Damaged status Not for loan Collection code Home library Current library Date acquired Total Checkouts Full call number Barcode Date last seen Price effective from Koha item type
    Dewey Decimal Classification     Gifts North Eastern Hill University North Eastern Hill University 24/11/2011   DB327.172 WAL 58555 24/11/2011 24/11/2011 DB-Government Publications